000 01130cam a2200337 a 4500
001 6446
003 FISKH
005 20250502121308.0
008 001208s2001 maua a 000 1 eng
010 _a 00111827
020 _a0763616125 (alk. paper)
020 _a9780763616137
020 _a0763616133 (pbk. : alk. paper)
040 _aDLC
_cDLC
_dDLC
_beng
050 _aPZ7.C83175 D
082 _a823.914
100 1 _aCousins, Lucy.
245 1 0 _aDoctor Maisy /
_cLucy Cousins.
260 _aCambridge :
_bCandlewick Press,
_c2001.
300 _a19 unnumbered pages :
_bcolor illustrations ;
_c21 cm
505 _aC
520 _a"It's Doctor Maisy and Nurse Tallulah, and they're playing hospital. Poor Panda is sick, but Maisy takes good care of him. Then it's Maisy's turn to need the help--and Nurse Tallulah comes to the rescue!"
521 8 _a100
_bLexile estimate
521 8 _aC
_bRaz-Plus
650 1 _aPlay
_vFiction.
650 1 _aMedical care
_vFiction.
650 1 _aMice
_vFiction.
906 _a7
_bcbc
_corignew
_d2
_eepcn
_f20
_gy-gencatlg
942 _2ddc
_cBK
_n0
999 _c6446
_d6446